Catalytic Industrial Policy – in concordia varietas: The outcome metrics of making the EU an attractive place for green and digital businesses (Record no. 9116)

MARC details
000 -LEADER
fixed length control field 02686nam a22003737u 4500
001 - CONTROL NUMBER
control field pwiiw7091
003 - CONTROL NUMBER IDENTIFIER
control field OSt
005 - DATE AND TIME OF LATEST TRANSACTION
control field 20260517120212.0
008 - FIXED-LENGTH DATA ELEMENTS--GENERAL INFORMATION
fixed length control field 241212t2024 au ||||| |||| 00| ||eng d
040 ## - CATALOGING SOURCE
Transcribing agency OSt
041 ## - LANGUAGE CODE
Language code of text/sound track or separate title eng
084 ## - OTHER CLASSIFICATION NUMBER
Classification number D63
-- L16
-- L52
-- O13
-- O14
-- O15
-- O18
-- O25
-- O32
Number source jelc
100 1# - MAIN ENTRY--PERSONAL NAME
Personal name Holzner, Mario
245 10 - TITLE STATEMENT
Title Catalytic Industrial Policy – in concordia varietas: The outcome metrics of making the EU an attractive place for green and digital businesses
260 ## - PUBLICATION, DISTRIBUTION, ETC.
Place of publication, distribution, etc. Wien :
Name of publisher, distributor, etc. Wiener Institut für Internationale Wirtschaftsvergleiche (wiiw),
Date of publication, distribution, etc. 2024.
300 ## - PHYSICAL DESCRIPTION
Extent 35 S.,
Other physical details 15 Figures,
Dimensions 30cm.
490 1# - SERIES STATEMENT
Series statement wiiw Policy Notes and Reports
Volume/sequential designation 89
520 ## - SUMMARY, ETC.
Summary, etc. This essay suggests that there is a need for a Catalytic Industrial Policy (CIP) aimed at maximising positive outcomes on three axes at the same time – the green, the digital and the social – in order to speed up their realisation. Respective investments need to be guided in the desired directions, while ensuring that the benefits of CIP are widely shared, for instance through conditionalities. A bold CIP needs permanent monitoring, including through the use of relevant outcome indicators with pre-defined selection criteria. This essay provides a list of criteria and examples of outcome metrics. A key objective of such indicators would be to shed light on interdependencies. Also, it is important to look beyond those indicators that are already widely used at different levels of disaggregation and also beyond typical industrial policy examples. Alternative examples of indicators provided include, for example, trust in the national government, the operational stock of robots, and the area density of high- and low-voltage circuits in the transmission of electricity. A (perhaps unusual) CIP case could thus be a Europe-wide investment programme in high-quality, technologically sophisticated and sustainable (public) housing in support of the digital revolution, CO2 reduction and overcoming the housing crisis, thereby legitimising a tremendous ongoing structural change.<br/>
650 ## - SUBJECT ADDED ENTRY--TOPICAL TERM
Topical term or geographic name entry element industrial policy
650 ## - SUBJECT ADDED ENTRY--TOPICAL TERM
Topical term or geographic name entry element ecological transformation
650 ## - SUBJECT ADDED ENTRY--TOPICAL TERM
Topical term or geographic name entry element technological transformation
650 ## - SUBJECT ADDED ENTRY--TOPICAL TERM
Topical term or geographic name entry element quality of life
650 ## - SUBJECT ADDED ENTRY--TOPICAL TERM
Topical term or geographic name entry element democratic legitimation
650 ## - SUBJECT ADDED ENTRY--TOPICAL TERM
Topical term or geographic name entry element structural change
651 ## - SUBJECT ADDED ENTRY--GEOGRAPHIC NAME
Geographic name Europe
690 ## - LOCAL SUBJECT ADDED ENTRY--TOPICAL TERM (OCLC, RLIN)
Topical term or geographic name as entry element Macroeconomic Analysis and Policy
690 ## - LOCAL SUBJECT ADDED ENTRY--TOPICAL TERM (OCLC, RLIN)
Topical term or geographic name as entry element Labour, Migration and Income Distribution
690 ## - LOCAL SUBJECT ADDED ENTRY--TOPICAL TERM (OCLC, RLIN)
Topical term or geographic name as entry element International Trade, Competitiveness and FDI
690 ## - LOCAL SUBJECT ADDED ENTRY--TOPICAL TERM (OCLC, RLIN)
Topical term or geographic name as entry element Regional Development
690 ## - LOCAL SUBJECT ADDED ENTRY--TOPICAL TERM (OCLC, RLIN)
Topical term or geographic name as entry element Sectoral studies
830 #0 - SERIES ADDED ENTRY--UNIFORM TITLE
Volume/sequential designation 89
Bibliographic record control number WIIW0000092
Title of a work wiiw Policy Notes and Reports
856 40 - ELECTRONIC LOCATION AND ACCESS
Uniform Resource Identifier <a href="https://wiiw.ac.at/p-7091.html">https://wiiw.ac.at/p-7091.html</a>
942 ## - ADDED ENTRY ELEMENTS (KOHA)
Koha item type Paper
Holdings
Withdrawn status Lost status Damaged status Not for loan Home library Current library Shelving location Date acquired Inventory number Total Checkouts Full call number Barcode Date last seen Price effective from Koha item type
        WIIW WIIW Library 12/12/2024 pwiiw7091   89 1000010007091 12/12/2024 04/07/2025 Paper
The Vienna Instiute for International Economic Studies (wiiw)